| 000 | 01422nam a2200229Ia 4500 | ||
|---|---|---|---|
| 003 | Ost | ||
| 005 | 20260507075722.0 | ||
| 008 | 260507s9999||||xx |||||||||||||| ||und|| | ||
| 020 | _a9789931753292 | ||
| 040 | _cfsecg | ||
| 041 | _aara | ||
| 082 | _a330.015195 | ||
| 100 |
_aبن قدور، أشواق _eمؤلف |
||
| 245 | 0 |
_aمقدمة في الإقتصاد القياسي : _bالمبادئ والتطبيقات - تطبيقات باستخدام برمجيتي stata و eviews / _c أشواق بن قدور |
|
| 246 | _aIntroductioto econometricples and applications | ||
| 260 |
_aالجزائر: _bدار الكتاب العربي, _c2021 |
||
| 300 |
_a303 صفحة؛ _bإيضاحات ؛ _c24 سم |
||
| 504 | _aمراجع ص.302 الجزء الأول | ||
| 520 | _aتعريف وطبيعة القياس الاقتصادي، بناء النماذج اللإقتصادية القياسية، تحليل الانحدار الخطي البسيط، تحليل الإنحدار المتعدد،كذلك المشاكل المرتبطة بتحليل الانحدار منها استعراض المشاكل الممكن حدوثها عند عدم توفر الفرضياتالأساسية لطريقة المربعات الصغرى، ومشكلة الارتباط الخطي المتعدد وطرق الكشف عنها، وكيفية تصحيحها. | ||
| 653 | _aالإقتصاد القياسي | ||
| 942 | _cكتاب | ||
| 999 |
_c45947 _d45947 |
||